书目信息 |
| 题名: |
遥感与图像解译= Remote sensing and image interpretation
|
|
| 作者: | 利拉桑德 著Thomas M. Lillesand , (美)Relph W. Kiefer , (美)Jonathan W. Chipman著 ;彭望琭 … 等 译 | |
| 分册: | ||
| 出版信息: | 北京 电子工业出版社 2016.04 |
|
| 页数: | 446页 | |
| 开本: | 20cm | |
| 丛书名: | ||
| 单 册: | ||
| 中图分类: | TP7 | |
| 科图分类: | ||
| 主题词: | 遥感技术 | |
| 电子资源: | ||
| ISBN: | 7-121-28134-1 | |
| 000 | 01036nam0 2200229 450 | |
| 001 | 1757735507 | |
| 005 | 20170410160450.54 | |
| 010 | @a7-121-28134-1@dCNY89.00 | |
| 100 | @a20170410d2016 km y0chiy0120 ea | |
| 101 | 0 | @achi |
| 102 | @aCN@b110000 | |
| 200 | 1 | @a遥感与图像解译= Remote sensing and image interpretation@Ayao gan yu tu xiang jie yi=Remote sensing and image interpretation@f(美) 利拉桑德 著Thomas M. Lillesand, (美) Relph W. Kiefer, (美) Jonathan W. Chipman著 ; 彭望琭 … [等] 译@F(mei)li la sang de zhu Thomas M.Lillesand,(mei)Relph W.Kiefer,(mei)Jonathan W.Chipman zhu;peng wang lu…[deng]yi |
| 210 | @a北京@c电子工业出版社@d2016.04 | |
| 215 | @a446页@d20cm | |
| 606 | 0 | @a遥感技术 |
| 690 | @aTP7@v4 | |
| 701 | 0 | @a利拉桑德 著Thomas M. Lillesand@Ali la sang de zhu Thomas M.Lillesand |
| 701 | 0 | @a(美)Relph W. Kiefer@A(mei)Relph W.Kiefer |
| 701 | 0 | @a(美)Jonathan W. Chipman著@A(mei)Jonathan W.Chipman zhu |
| 702 | 0 | @a彭望琭 … 等@Apeng wang lu…deng@4译 |
| 801 | 0 | @aCN@bMUSE@c20170410 |
| 905 | @aMUSE@dTP7@eL3661 | |
| 遥感与图像解译= Remote sensing and image interpretation/(美) 利拉桑德 著Thomas M. Lillesand, (美) Relph W. Kiefer, (美) Jonathan W. Chipman著 ; 彭望琭 … [等] 译.-北京:电子工业出版社,2016.04 |
| 446页;20cm |
| ISBN 7-121-28134-1:CNY89.00 |
| ● |
| 相关链接 |
|
|
|
正题名:遥感与图像解译= Remote sensing and image
索取号:TP7/L3661
 
预约/预借
| 序号 | 登录号 | 条形码 | 馆藏地/架位号 | 状态 | 备注 |
| 1 | 1239384 | 212393845 | 测绘与城市空间信息学院资料室/ [索取号:TP7/L3661] | 在馆 |